000 01141nam a22002537a 4500
001 39201
003 BD-RjUL
005 20211209052935.0
008 160405s2002 bg a|||| |||| 000 0 ben d
020 _a9840742159
_c: Tk. 280.00
035 _a(BD-RjUL) 39313
040 _aBD-RjUL
_bben
_cBD-RjUL
_dBD-RjUL
041 _aben
082 _223
_a100
_bDEG 2002
100 _aদেব, গোবিন্দচন্দ্র
_9120433
245 1 0 _aগোবিন্দচন্দ্র দেব :
_bঅগ্রন্থিত প্রবন্ধ ও অন্যান্য রচনা /
_cগোবিন্দচন্দ্র দেব ; প্রদীপ রায় সংগৃহীত ও সম্পাদিত
260 _aঢাকা :
_bবাংলা একাডেমী,
_c২০০২
300 _a৩৫, ৬৭২ পৃ. :
_bচিত্র ;
_c২২ সেমি.
500 _aপরিশিষ্ট সংযুক্ত
650 _aদর্শন
_9130377
650 _aPhilosophy
_9130378
700 _aরায়, প্রদীপ, সম্পাদক
_9120946
942 _2ddc
_cBK
_01
999 _c39201
_d39201